|
|
|
|
| LEADER |
00000nam a22000007a 4500 |
| 008 |
230818b |||||||| |||| 00| 0 eng d |
| 020 |
|
|
|a 9780367873196
|
| 100 |
|
|
|a SARANGAN, Andrew
|
| 245 |
|
|
|a Nanofabrication
|b principles to laboratory practice
|c Andrew Sarangan
|g xv, 299p;ill
|
| 260 |
|
|
|b CRC Press
|c 2017
|h New York
|i 700035
|i 700036
|l TK7874.843.Sa7
|m Nanostructured materials - Design and cosmetics
|m Semiconductors- Etching
|m Nanoelectronics- Experiments
|
| 500 |
|
|
|a it includes index
|
| 942 |
|
|
|a lcc
|c BK
|e Johnson
|f 18/08/23
|
| 952 |
|
|
|0 0
|1 0
|2 lcc
|4 0
|6 TK7874843 S A7
|7 0
|9 4388
|a TL
|b HOL
|c QZ
|d 2023-08-18
|l 0
|o TK7874.843.Sa7
|p 2023-0312
|r 2023-08-18 00:00:00
|t 700035
|w 2023-08-18
|y BK
|
| 952 |
|
|
|0 0
|1 0
|2 lcc
|4 0
|6 TK7874843 S A7
|7 0
|9 4389
|a HOL
|b HE
|c QZ
|d 2023-08-18
|l 0
|o TK7874.843.Sa7
|p 2023-0313
|r 2023-08-18 00:00:00
|t 700036
|w 2023-08-18
|y BK
|
| 999 |
|
|
|c 2202
|d 2202
|